Purgatory: (Record no. 216630)

MARC details
000 -LEADER
fixed length control field 00724nam a22002057a 4500
005 - DATE AND TIME OF LATEST TRANSACTION
control field 20260612160046.0
010 ## - LCCN (DPL NO)
LC control number ENG-148832
020 ## - INTERNATIONAL STANDARD BOOK NUMBER
Terms of availability 350.00
International Standard Book Number 9788119664214
035 ## - SYSTEM CONTROL NUMBER
System control number EN-132364
037 ## - SOURCE OF ACQUISITION
Source of stock number/acquisition DBAD
082 ## - DEWEY DECIMAL CLASSIFICATION NUMBER
Classification number 236.5
Edition number 1
100 ## - MAIN ENTRY--PERSONAL NAME
Personal name Thomas, Gracious
245 ## - TITLE STATEMENT
Title Purgatory:
Statement of responsibility, etc Gracious Thomas [and] Elvis G. Thomas
Remainder of title The Gift of Divine Mercy/
250 ## - EDITION STATEMENT
Edition statement 1
260 ## - PUBLICATION, DISTRIBUTION, ETC. (IMPRINT)
Name of publisher, distributor, etc ATC Publishers
Place of publication, distribution, etc Bengaluru
Date of publication, distribution, etc 2024
270 ## - ADDRESS
Address St's Mary Block, Archdiocesan,Pastoral Center,#5, Nandidurga Road,Benson Town
City Bengaluru
Postal code 560046
Telephone number +918025491999
-- 7090100444
Electronic mail address info@atcpublishers.com
300 ## - PHYSICAL DESCRIPTION
Extent 239p.
Dimensions 21cm(pb)
700 ## - ADDED ENTRY--PERSONAL NAME
Personal name Thomas, Elvis G.
Relator term Author
9 (RLIN) 89373
942 ## - ADDED ENTRY ELEMENTS (KOHA)
Source of classification or shelving scheme Dewey Decimal Classification
Item type English Books
Classification part 236.5
Call number suffix THO
Holdings
Withdrawn status Lost status Not for loan Collection code Home library Current library Date acquired Source of acquisition Cost, normal purchase price Full call number Barcode Copy number Cost, replacement price Koha item type
    Not For Loan Non-fiction D.B.Act.Division D.B.Act.Division 12/06/2026 Delivery of Books Act Division 350.00 236.5 THO EN-132364 1 350.00 English Books

© Delhi Public Library
Hit Counter
free hit counter